| 000 | 00647cam a2200217 4500 | ||
|---|---|---|---|
| 001 | WB3712-23 | ||
| 008 | 000000n2001 000 0 eng u | ||
| 035 | _a(Sirsi) u111503 | ||
| 245 | _aDeprived areas get computers | ||
| 260 | _c2001 | ||
| 490 |
_aFinancial Times _v16 March 2001, 1 (1) |
||
| 520 | _aThe government is launching a new scheme to hook up homes in deprived areas to the Internet and digital television. | ||
| 590 | _aWB | ||
| 650 | _aCOMPUTERS | ||
| 650 | _aAID | ||
| 650 | _aINTERNET ACCESS | ||
| 650 | _aHOME | ||
| 650 | _aTECHNOLOGY | ||
| 690 | _aMANAGEMENT-BUSINESS MANAGEMENT-INFORMATION MANAGEMENT | ||
| 942 | _n0 | ||
| 999 |
_c66446 _d66446 |
||